[Event "Lima Palma Memorial 2nd"]
[Site "Lima"]
[Date "2016.09.11"]
[Round "2.17"]
[White "Bravo Mallco, Kate Azumi"]
[Black "Pacheco Mateo, Laura"]
[Result "1-0"]
[WhiteElo "1304"]
[BlackElo "1549"]
[PlyCount "65"]
[EventDate "2016.09.09"]
[EventType "swiss"]
[EventRounds "7"]
[EventCountry "PER"]
[SourceTitle "EXT 2024"]
[Source "ChessBase"]
[SourceDate "2023.10.10"]
[SourceVersion "1"]
[SourceVersionDate "2023.10.10"]
[SourceQuality "1"]

1. e4 c5 2. Nf3 Nc6 3. d4 cxd4 4. Nxd4 g6 5. c4 Bg7 6. Be3 Nf6 7. Nc3 0-0 8. Be2 e6 9. 0-0 d5 10. cxd5 exd5 11. exd5 Nxd5 12. Nxd5 Qxd5 13. Nxc6 Qxc6 14. Rc1 Qe6 15. b3 Bd7 16. Bc4 Qf5 17. Qd5 b6 18. Qxf5 Bxf5 19. Ba6 Be5 20. f4 Bd6 21. Rfd1 Rad8 22. h3 h5 23. Bb7 Rfe8 24. Bd2 Bc5+ 25. Kh1 Re2 26. Bc3 Rde8 27. Re1 Bf2 28. Rxe2 Rxe2 29. a4 Be3 30. Rd1 Kh7 31. Rd8 g5 32. Rh8+ Kg6 33. Bf3 1-0

[Event "San Borja Nombre de Jesus III"]
[Site "San Borja"]
[Date "2015.08.15"]
[Round "8"]
[White "Pacheco Mateo, Laura"]
[Black "Tovar, Paul Mateo"]
[Result "1-0"]
[WhiteElo "1663"]
[BlackElo "1344"]
[PlyCount "33"]
[EventDate "2015.08.12"]
[EventType "swiss"]
[EventRounds "8"]
[EventCountry "PER"]
[SourceTitle "EXT 2024"]
[Source "ChessBase"]
[SourceDate "2023.10.10"]
[SourceVersion "1"]
[SourceVersionDate "2023.10.10"]
[SourceQuality "1"]

1. d4 d5 2. c4 Nf6 3. Bg5 e6 4. Nf3 Nc6 5. Nc3 Bb4 6. Qd2 h6 7. Bh4 0-0 8. a3 Bxc3 9. Qxc3 Ne4 10. Bxd8 Nxc3 11. Bxc7 Nxd4 12. Nxd4 Ne4 13. f3 Nc5 14. Bd6 Nb3 15. Nxb3 Rd8 16. Bg3 dxc4 17. Nd2 1-0

[Event "San Borja Nombre de Jesus III"]
[Site "San Borja"]
[Date "2015.08.14"]
[Round "5"]
[White "Terreros, Marcelo"]
[Black "Pacheco Mateo, Laura"]
[Result "0-1"]
[WhiteElo "1233"]
[BlackElo "1663"]
[PlyCount "80"]
[EventDate "2015.08.12"]
[EventType "swiss"]
[EventRounds "8"]
[EventCountry "PER"]
[SourceTitle "EXT 2024"]
[Source "ChessBase"]
[SourceDate "2023.10.10"]
[SourceVersion "1"]
[SourceVersionDate "2023.10.10"]
[SourceQuality "1"]

1. e4 c5 2. Nc3 Nc6 3. Nf3 d6 4. Bc4 Bg4 5. h3 Bh5 6. 0-0 Nf6 7. Re1 Ne5 8. Be2 g6 9. Nxe5 Bxe2 10. Qxe2 dxe5 11. Qb5+ Qd7 12. Qxd7+ Nxd7 13. d3 e6 14. Bg5 Bg7 15. Rab1 f6 16. Be3 0-0 17. b4 b6 18. bxc5 Nxc5 19. Bxc5 bxc5 20. Rb5 Rac8 21. Rb7 Rf7 22. Rxf7 Kxf7 23. Rb1 c4 24. Ne2 cxd3 25. cxd3 Rc2 26. Nc1 Bh6 27. Rb7+ Kg8 28. Rb8+ Kf7 29. Rb7+ Kg8 30. Rb8+ Bf8 31. Rb1 Bc5 32. Rb8+ Kg7 33. Rb7+ Kh6 34. Nb3 Bxf2+ 35. Kh2 f5 36. exf5 exf5 37. Re7 Re2 38. a4 f4 39. d4 Bg3+ 40. Kg1 Re1# 0-1

[Event "San Borja Nombre de Jesus III"]
[Site "San Borja"]
[Date "2015.08.13"]
[Round "4"]
[White "Pastor Aragon, Mateo"]
[Black "Pacheco Mateo, Laura"]
[Result "1-0"]
[WhiteElo "1392"]
[BlackElo "1663"]
[PlyCount "157"]
[EventDate "2015.08.12"]
[EventType "swiss"]
[EventRounds "8"]
[EventCountry "PER"]
[SourceTitle "EXT 2024"]
[Source "ChessBase"]
[SourceDate "2023.10.10"]
[SourceVersion "1"]
[SourceVersionDate "2023.10.10"]
[SourceQuality "1"]

1. e4 e5 2. Nf3 Nf6 3. Nxe5 d6 4. Nf3 Bg4 5. Nc3 Qe7 6. d3 Nc6 7. Be2 h6 8. h3 Bxf3 9. Bxf3 0-0-0 10. Be3 Qe6 11. Bg4 Nxg4 12. Qxg4 Qxg4 13. hxg4 Re8 14. 0-0-0 Re5 15. f4 Re6 16. g5 Be7 17. f5 Re5 18. Bf4 g6 19. Nd5 Rxd5 20. exd5 Nd4 21. gxh6 Ne2+ 22. Kd2 Nxf4 23. h7 Rf8 24. h8Q Rxh8 25. Rxh8+ Kd7 26. Re1 Nxd5 27. Rh7 gxf5 28. Rxf7 c6 29. c4 Nf4 30. Rfxe7+ Kd8 31. Ke3 Nxg2+ 32. Kf3 Nxe1+ 33. Rxe1 Kd7 34. Kf4 c5 35. Kxf5 a6 36. a3 b5 37. cxb5 axb5 38. b3 b4 39. a4 Kc6 40. a5 Kb5 41. Ra1 Ka6 42. Ke6 d5 43. Kxd5 Ka7 44. a6 Ka8 45. Kc6 Ka7 46. Kxc5 Kb8 47. d4 Ka7 48. d5 Ka8 49. d6 Ka7 50. d7 Ka8 51. d8R+ Ka7 52. Rb1 Kxa6 53. Rd7 Ka5 54. Rd8 Ka6 55. Kc4 Kb6 56. Kd3 Kc6 57. Rb8 Kc5 58. Ke4 Kd6 59. Rc1 Ke7 60. Rbc8 Kf7 61. Kf3 Kg7 62. Ke3 Kf7 63. Rd8 Ke7 64. Rcd1 Kf7 65. Kd4 Ke7 66. Kc5 Kf7 67. Re1 Kg7 68. Rf1 Kh7 69. Rdf8 Kh6 70. R8f2 Kg6 71. Rg2+ Kh6 72. Rf8 Kh7 73. Rf4 Kh6 74. Rf6+ Kh7 75. Rf3 Kh6 76. Kxb4 Kh5 77. Kc5 Kh4 78. Rf8 Kh5 79. Rh8# 1-0

[Event "Lima Santisimo Nombre de Jesus 4"]
[Site "Lima"]
[Date "2014.08.07"]
[Round "8.17"]
[White "Teran, Maria Laura"]
[Black "Pacheco Mateo, Laura"]
[Result "0-1"]
[WhiteElo "1322"]
[BlackElo "1717"]
[PlyCount "54"]
[EventDate "2014.08.04"]
[EventType "swiss"]
[EventRounds "8"]
[EventCountry "PER"]
[SourceTitle "EXT 2024"]
[Source "ChessBase"]
[SourceDate "2023.10.10"]
[SourceVersion "1"]
[SourceVersionDate "2023.10.10"]
[SourceQuality "1"]

1. e4 c5 2. Nf3 Nc6 3. Bc4 Nf6 4. Nc3 b6 5. d3 h6 6. h3 e6 7. Be3 d5 8. exd5 exd5 9. Bb5 Bb7 10. d4 Bd6 11. 0-0 0-0 12. Qd2 Re8 13. Rfe1 a6 14. Bxc6 Bxc6 15. Ne5 Qc7 16. Nxc6 Qxc6 17. Bf4 Ne4 18. Nxe4 dxe4 19. dxc5 Bxc5 20. b4 Be7 21. Re3 Rad8 22. Qe1 f5 23. Rd1 Rxd1 24. Qxd1 Bxb4 25. Qd4 Bc5 26. Qc4+ Qe6 27. Qxa6 g5 0-1

[Event "Lima Santisimo Nombre de Jesus 4"]
[Site "Lima"]
[Date "2014.08.04"]
[Round "7.21"]
[White "Pacheco Mateo, Laura"]
[Black "Terreros, Marcelo"]
[Result "1-0"]
[WhiteElo "1717"]
[BlackElo "1205"]
[PlyCount "104"]
[EventDate "2014.08.04"]
[EventType "swiss"]
[EventRounds "8"]
[EventCountry "PER"]
[SourceTitle "EXT 2024"]
[Source "ChessBase"]
[SourceDate "2023.10.10"]
[SourceVersion "1"]
[SourceVersionDate "2023.10.10"]
[SourceQuality "1"]

1. e4 e5 2. Nf3 Nc6 3. Bb5 Nf6 4. 0-0 Bc5 5. Nc3 0-0 6. Bxc6 dxc6 7. d3 Bg4 8. h3 Bh5 9. g4 Bg6 10. Nxe5 Bd4 11. Nf3 Bxc3 12. bxc3 Re8 13. Bg5 c5 14. c4 h6 15. Bh4 h5 16. e5 hxg4 17. hxg4 b6 18. exf6 gxf6 19. Qd2 Kh7 20. Kg2 Qd7 21. Bxf6 Qxg4+ 22. Kh2 Qxf3 23. Qg5 Qh5+ 24. Kg2 Qxg5+ 25. Bxg5 Re5 26. Bf6 Rf5 27. Rh1+ Rh5 28. Kg3 Kh6 29. Rae1 Bf5 30. Rh4 Rg8+ 31. Kf4 Rxh4+ 32. Bxh4 Rg4+ 33. Kxf5 Rxh4 34. f4 Rh5+ 35. Kg4 f5+ 36. Kf3 Rh3+ 37. Kg2 Rh4 38. Kf3 Kg7 39. Re7+ Kf6 40. Rxc7 Rh1 41. Rxa7 Rc1 42. Rb7 Rxc2 43. a4 Ra2 44. Rxb6+ Kg7 45. Rc6 Rxa4 46. Rxc5 Ra3 47. Ke3 Kh6 48. Rxf5 Ra8 49. d4 Re8+ 50. Re5 Rd8 51. c5 Rf8 52. c6 Kg7 1-0

[Event "Lima Santisimo Nombre de Jesus 4"]
[Site "Lima"]
[Date "2014.08.04"]
[Round "4.15"]
[White "Reynaga, Ronald"]
[Black "Pacheco Mateo, Laura"]
[Result "1-0"]
[WhiteElo "1444"]
[BlackElo "1717"]
[PlyCount "69"]
[EventDate "2014.08.04"]
[EventType "swiss"]
[EventRounds "8"]
[EventCountry "PER"]
[SourceTitle "EXT 2024"]
[Source "ChessBase"]
[SourceDate "2023.10.10"]
[SourceVersion "1"]
[SourceVersionDate "2023.10.10"]
[SourceQuality "1"]

1. d4 d5 2. c4 e5 3. dxe5 Nc6 4. cxd5 Nxe5 5. Nc3 Nf6 6. h3 c6 7. Bg5 Bb4 8. Nf3 Qd6 9. Bxf6 Bxc3+ 10. bxc3 Qxf6 11. Nxe5 Qxe5 12. Qd4 Qxd4 13. cxd4 cxd5 14. e3 0-0 15. Bd3 Bd7 16. Kd2 f5 17. g3 g6 18. h4 Kg7 19. Rhc1 Rac8 20. Rab1 Rxc1 21. Rxc1 a6 22. Rc7 Rf7 23. Rxb7 a5 24. Bb5 Be6 25. Rxf7+ Kxf7 26. Kc3 Ke7 27. Kb3 Bd7 28. Ka4 Bxb5+ 29. Kxb5 a4 30. Kxa4 Kd7 31. Kb5 Kd6 32. Kb6 Kd7 33. Kb7 Kd8 34. a4 Kd7 35. a5 1-0